| 000 | 00993 a2200217 4500 | ||
|---|---|---|---|
| 003 | Nust | ||
| 005 | 20221024115437.0 | ||
| 010 | _a 94047300 | ||
| 020 | _a8120313569 | ||
| 040 | _cNust | ||
| 082 | 0 | 0 | _a006.3,HAS |
| 100 | 1 |
_aHassoun, Mohamad H. _9101199 |
|
| 245 | 1 | 0 |
_aFundamentals of artificial neural networks / _cMohamad H. Hassoun. |
| 246 | 3 | 0 | _aArtificial neural networks |
| 260 |
_aCambridge, Mass. : _bMIT Press, _cc1995. |
||
| 300 |
_axxvi, 511 p. : _bill. ; _c24 cm. |
||
| 505 | _aThreshold Gates (Page-1), Computational Capabilities of Artificial Neural Network (Page-35),Learning Rules (Page-54), Mathematical Theory of Neural Learning (Page-143),Adaptive Multilayer Neural Networks I (Page-197), Adaptive Multilayer Neural Networks II (Page-285), Associative Neural Memories (Page-345), Global Search Methods for Neural Networks (Page-417), | ||
| 650 | 0 | _aArtificial intelligence. | |
| 650 | 0 |
_aNeural networks (Computer science) _918586 |
|
| 942 |
_2ddc _cBK _k006.3,HAS |
||
| 999 |
_c179553 _d179553 |
||